000
00257nam a2200121Ia 4500
008
190216s9999||||xx |||||||||||||| ||und||
100
_a
Deveshray
245
0
_a
Hindi-Gatha Mayorisal
260
_b
Naishan
300
_a
174
650
_a
Hindi
942
_c
BK
999
_c
16378
_d
16378